| 000 | 00326nam a2200097Ia 4500 | ||
|---|---|---|---|
| 082 | _a616.85262009 FEIG | ||
| 245 | 0 | _aOne life : hope, healing and inspiration on the path to recovery from eating disorders | |
| 100 |
_a Feigenbaum, Naomi London, 2009 _973457 |
||
| 942 | _cBK | ||
| 008 | 210817s9999 xx 000 0 und d | ||
| 999 |
_c240570 _d240569 |
||